The Hard Thing About Hard Thing: Building Business When There Are No Easy Answers (Record no. 180585)

MARC details
000 -LEADER
fixed length control field 00542nam a2200217Ia 4500
008 - FIXED-LENGTH DATA ELEMENTS--GENERAL INFORMATION
fixed length control field 210412s9999 xx 000 0 und d
020 ## - INTERNATIONAL STANDARD BOOK NUMBER
International Standard Book Number 9780062273208
041 ## - LANGUAGE CODE
Language code of text/sound track or separate title English
082 ## - DEWEY DECIMAL CLASSIFICATION NUMBER
Classification number 658.114.1 HOR
100 ## - MAIN ENTRY--PERSONAL NAME
Personal name Horowitz (Ben)
245 #4 - TITLE STATEMENT
Title The Hard Thing About Hard Thing: Building Business When There Are No Easy Answers
260 ## - PUBLICATION, DISTRIBUTION, ETC.
Name of publisher, distributor, etc. HarperCollins
260 ## - PUBLICATION, DISTRIBUTION, ETC.
Date of publication, distribution, etc. 2014
300 ## - PHYSICAL DESCRIPTION
Extent 289
300 ## - PHYSICAL DESCRIPTION
Other physical details Hard Pack
300 ## - PHYSICAL DESCRIPTION
Accompanying material Hard Pack
365 ## - TRADE PRICE
Price amount 459
365 ## - TRADE PRICE
Unit of pricing Rupees
650 ## - SUBJECT ADDED ENTRY--TOPICAL TERM
Topical term or geographic name entry element Entrepreneurship
942 ## - ADDED ENTRY ELEMENTS (KOHA)
Koha item type Books
Holdings
Withdrawn status Lost status Damaged status Not for loan Home library Current library Shelving location Date acquired Cost, normal purchase price Total Checkouts Total Renewals Full call number Barcode Date last seen Date last checked out Cost, replacement price Price effective from Koha item type Public note
        Kumaraguru College of Technology Kumaraguru College of Technology MGCL Shelf No 1019-1021 2021-04-09 459.00 6 3 658.114.1 HOR 90287 2026-05-12 2026-02-28 459.00 2021-04-12 Books MBA

Visitor Number: